| 000 | 00835nam a2200205 a 4500 | ||
|---|---|---|---|
| 005 | 20231123063621.0 | ||
| 008 | 080218s2002 mx r 000 0 spa d | ||
| 020 | _a970073286X | ||
| 035 | _aUPN01000154234 | ||
| 049 | _aCG | ||
| 050 | 4 |
_aLA424 _bA8.9 |
|
| 100 | 1 |
_aAvitia Hernández, Antonio, _d1956- _930147 |
|
| 245 | 1 | 0 |
_aVademécum : _bprimaria mexicana : leyes, decretos, normas, acuerdos, reglamentos, lineamientos, planes, programas, organización, manuales, documentos e historia de la educación primaria en México / _cAntonio Avitia Hernández. |
| 260 |
_aMéxico : _bPorrúa, _cc2002. |
||
| 300 | _a568 p. | ||
| 650 | 7 |
_aEducación primaria _xLeyes y legislación _zMéxico _2 _99972 |
|
| 650 | 4 |
_aEducación primaria _zMéxico _xPlanes y programas _99975 |
|
| 650 | 4 |
_aEducación _zMéxico _xHistoria _9187 |
|
| 905 | _aLibro | ||
| 999 |
_c126351 _d126351 |
||